Brusselse gemeenten - Statistieken

Algemene statistieken
  • Deze quiz is 393 keer genomen
  • De gemiddelde score is 14 van 19
Antwoordstatistieken
Antwoord % Correct
Anderlecht
95%
Sint-Jans Molenbeek
89%
Brussel
87%
Schaarbeek
82%
Ukkel
80%
Elsene
77%
Sint-Pieters-Woluwe
72%
Sint-Lambrechts-Woluwe
70%
Etterbeek
69%
Jette
69%
Vorst
69%
Sint-Gillis
67%
Sint-Joost-ten-Node
66%
Evere
65%
Koekelberg
64%
Sint-Agatha-Berchem
63%
Ganshoren
62%
Watermaal-Bosvoorde
61%
Oudergem
48%
Geen overeenkomende quizzen gevonden
Scoreverdeling
Procent van Mensen met Elke Score
Percentiel versus Aantal Correcte Antwoorden
Uw Scoregeschiedenis
U heeft deze quiz nog niet genomen